[Event "44th Chess Olympiad Women 2022"]
[Site "Chennai"]
[Date "2022.07.30"]
[Round "2.29"]
[White "Ogbiyoyo, Perpetual Eloho"]
[Black "De Seroux, Camille"]
[Result "1-0"]
[WhiteElo "1886"]
[BlackElo "2106"]
[Annotator "NA RC"]
[PlyCount "79"]
[EventDate "2022.07.29"]
[EventType "team-tourn"]
[EventCountry "IND"]
[SourceTitle "playchess.com"]
[Source "ChessBase"]
[SourceQuality "1"]
[WhiteTeam "Nigeria"]
[BlackTeam "Switzerland"]
[WhiteTeamCountry "NGR"]
[BlackTeamCountry "SUI"]

1. e4 c5 2. f4 Nc6 3. Nf3 g6 4. Bb5 Bg7 5. Bxc6 bxc6 6. O-O c4 7. Nc3 d6 8. d4
cxd3 9. cxd3 c5 10. Be3 Nf6 11. h3 O-O 12. Qd2 Rb8 13. Rad1 Qc7 14. Qf2 Ba6 15.
Rfe1 Rfd8 16. g4 Qb7 17. Bc1 Qc8 18. Qg3 Rb7 19. e5 dxe5 20. fxe5 Nd5 21. Ng5
Nb4 22. Qf3 e6 23. Nce4 Bxe5 24. Nf6+ Bxf6 25. Qxf6 Rxd3 26. Ne4 Rbd7 27. Bh6
Qf8 28. Bxf8 Kxf8 29. Rxd3 Nxd3 30. Rd1 c4 31. Qh8+ Ke7 32. Qxh7 Rb7 33. Qh4+
Kf8 34. Qd8+ Kg7 35. Qd4+ Kf8 36. Qd6+ Kg7 37. Qxa6 Rxb2 38. Qxc4 Ne5 39. Qc3
Rb5 40. a4 1-0

[Event "44th Chess Olympiad Women 2022"]
[Site "Chennai"]
[Date "2022.07.30"]
[Round "2.30"]
[White "Sinitsina, Anastassia"]
[Black "Junior, Ednasia"]
[Result "1-0"]
[WhiteElo "2175"]
[BlackElo "1849"]
[Annotator "RC"]
[PlyCount "69"]
[EventDate "2022.07.29"]
[EventType "team-tourn"]
[EventCountry "IND"]
[SourceTitle "playchess.com"]
[Source "ChessBase"]
[SourceQuality "1"]
[WhiteTeam "Estonia"]
[BlackTeam "Angola"]
[WhiteTeamCountry "EST"]
[BlackTeamCountry "ANG"]

1. e4 c5 2. Nf3 e6 3. d4 cxd4 4. Nxd4 a6 5. Bd3 Nf6 6. O-O Qc7 7. Qe2 d6 8. c4
Be7 9. Nc3 O-O 10. Be3 Nc6 11. f4 Bd7 12. Rac1 Nb4 13. Bb1 Qa5 14. g4 g6 15.
Nb3 Qc7 16. a3 Nc6 17. g5 Nh5 18. Nd5 exd5 19. cxd5 Qd8 20. dxc6 Bxc6 21. Nd4
Bd7 22. Ba2 Rc8 23. Bd5 Rxc1 24. Rxc1 Bc8 25. Qc4 Bh3 26. Qc7 Qc8 27. f5 Qd8
28. f6 Bxf6 29. gxf6 Qxf6 30. Qc2 Nf4 31. Qf2 Nxd5 32. exd5 Qe7 33. Qg3 Bc8 34.
Bf2 Qe4 35. Qxd6 1-0

[Event "44th Chess Olympiad Women 2022"]
[Site "Chennai"]
[Date "2022.07.30"]
[Round "2.30"]
[White "Blokhin, Sofia"]
[Black "Paulo, Jemima"]
[Result "1-0"]
[WhiteElo "1996"]
[BlackElo "1850"]
[Annotator "NA"]
[PlyCount "73"]
[EventDate "2022.07.29"]
[EventType "team-tourn"]
[EventCountry "IND"]
[SourceTitle "playchess.com"]
[Source "ChessBase"]
[SourceQuality "1"]
[WhiteTeam "Estonia"]
[BlackTeam "Angola"]
[WhiteTeamCountry "EST"]
[BlackTeamCountry "ANG"]

1. e4 c5 2. Nf3 d6 3. d4 cxd4 4. Nxd4 Nf6 5. Nc3 g6 6. Be3 Bg7 7. f3 O-O 8. Qd2
Nc6 9. O-O-O d5 10. Kb1 Na5 11. e5 Nd7 12. Nxd5 Nxe5 13. Nb3 Nac6 14. Qe1 Bf5
15. Nf6+ Bxf6 16. Rxd8 Rfxd8 17. Be2 Rac8 18. g4 Be6 19. Nc5 Bd5 20. Rf1 Nc4
21. Bxc4 Bxc4 22. Rh1 Ne5 23. g5 Nxf3 24. Qg3 Nxg5 25. Bxg5 Bxg5 26. Qxg5 Rd5
27. Qxe7 Rdxc5 28. Rd1 Rd5 29. Re1 Rd2 30. Qxb7 Be6 31. c3 Bf5+ 32. Ka1 Rcd8
33. a4 Rxh2 34. Qxa7 Bc2 35. Rf1 f5 36. Re1 Re2 37. Rxe2 1-0

[Event "44th Chess Olympiad Women 2022"]
[Site "Chennai"]
[Date "2022.07.30"]
[Round "2.30"]
[White "Caxita, Esperanca"]
[Black "Olde, Margareth"]
[Result "0-1"]
[WhiteElo "1955"]
[BlackElo "2235"]
[Annotator "RC"]
[PlyCount "92"]
[EventDate "2022.07.29"]
[EventType "team-tourn"]
[EventCountry "IND"]
[SourceTitle "playchess.com"]
[Source "ChessBase"]
[SourceQuality "1"]
[WhiteTeam "Angola"]
[BlackTeam "Estonia"]
[WhiteTeamCountry "ANG"]
[BlackTeamCountry "EST"]

1. e4 c5 2. Nc3 Nc6 3. Nf3 e6 4. d3 d6 5. g3 g6 6. Bg2 Bg7 7. O-O Nge7 8. Be3
O-O 9. Qd2 Re8 10. Bh6 Bh8 11. Rab1 Rb8 12. a3 b5 13. Qf4 Nd4 14. Nxd4 cxd4 15.
Ne2 Nc6 16. Qd2 Qc7 17. f4 f5 18. Rbe1 Nd8 19. exf5 gxf5 20. Bg5 Bb7 21. Nc1
Nf7 22. Bh4 Bg7 23. Nb3 Nh8 24. Re2 Ng6 25. Qb4 Bxg2 26. Rxg2 Qc6 27. Qe1 Nxh4
28. gxh4 Kh8 29. Qf2 Qd5 30. Qf3 Qxf3 31. Rxf3 Rbc8 32. Re2 Kg8 33. Kg2 Kf7 34.
Rg3 Bf6 35. h5 e5 36. fxe5 dxe5 37. Kf3 Re7 38. Rg1 Re6 39. Rgg2 Bg7 40. Rg5
Kf6 41. Rgg2 Bh6 42. h3 Be3 43. c3 e4+ 44. dxe4 fxe4+ 45. Kg3 Rg8+ 46. Kh2 Bf4+
0-1

[Event "44th Chess Olympiad Women 2022"]
[Site "Chennai"]
[Date "2022.07.30"]
[Round "2.30"]
[White "Pires, Luzia"]
[Black "Narva, Triin"]
[Result "1-0"]
[WhiteElo "1842"]
[BlackElo "2066"]
[Annotator "NA RC"]
[PlyCount "115"]
[EventDate "2022.07.29"]
[EventType "team-tourn"]
[EventCountry "IND"]
[SourceTitle "playchess.com"]
[Source "ChessBase"]
[SourceQuality "1"]
[WhiteTeam "Angola"]
[BlackTeam "Estonia"]
[WhiteTeamCountry "ANG"]
[BlackTeamCountry "EST"]

1. d4 g6 2. Nf3 Bg7 3. e3 d6 4. Bd3 Nf6 5. Nbd2 O-O 6. O-O c5 7. b3 cxd4 8.
exd4 Nc6 9. c3 Nd5 10. Bb2 Nf4 11. Bc2 Bg4 12. h3 Bc8 13. Kh2 Qd7 14. Ng1 d5
15. Ndf3 Qd6 16. Kh1 Bd7 17. Re1 Rac8 18. a3 b5 19. Ne2 Nh5 20. Qd2 f5 21. Bd3
Nf6 22. Qf4 Qxf4 23. Nxf4 Bh6 24. Ne2 Ne4 25. Kg1 Na5 26. Bc2 Be8 27. Rad1 Rf6
28. Rd3 Rb6 29. Red1 Nc6 30. Bc1 Bg7 31. Nf4 Bf7 32. Re1 a5 33. Ne5 Nxe5 34.
dxe5 Bxe5 35. Nxd5 Bxd5 36. Rxd5 Bxc3 37. Red1 Nf6 38. Rd8+ Rxd8 39. Rxd8+ Kg7
40. Be3 Rc6 41. Bd3 b4 42. a4 Be5 43. g3 Rc3 44. Bc4 Bc7 45. Ra8 Bxg3 46. Rxa5
Bd6 47. Rb5 f4 48. Bd4 Rxh3 49. Kg2 Rh4 50. f3 Rh5 51. Rxh5 gxh5 52. a5 e5 53.
Bg1 Ne8 54. a6 Nc7 55. a7 Kf6 56. Bd5 h6 57. Bb6 Nxd5 58. a8=Q 1-0

[Event "44th Chess Olympiad Women 2022"]
[Site "Chennai"]
[Date "2022.07.30"]
[Round "2.31"]
[White "Cori T., Deysi"]
[Black "Shabanaj, Eglantina"]
[Result "1-0"]
[WhiteElo "2371"]
[BlackElo "1940"]
[Annotator "RC"]
[PlyCount "73"]
[EventDate "2022.07.29"]
[EventType "team-tourn"]
[EventCountry "IND"]
[SourceTitle "playchess.com"]
[Source "ChessBase"]
[SourceQuality "1"]
[WhiteTeam "Peru"]
[BlackTeam "Albania"]
[WhiteTeamCountry "PER"]
[BlackTeamCountry "ALB"]

1. Nf3 Nf6 2. b3 e6 3. Bb2 Be7 4. e4 Nxe4 5. Bxg7 Rg8 6. Bb2 d5 7. d3 Nf6 8.
Nbd2 Nbd7 9. g3 b6 10. Bg2 Bb7 11. a4 a5 12. Nd4 c5 13. Nb5 Bc6 14. Qe2 Bxb5
15. axb5 Qc7 16. c4 O-O-O 17. O-O Rde8 18. Rfe1 h5 19. Qf3 h4 20. cxd5 exd5 21.
b4 hxg3 22. hxg3 Bd8 23. Rec1 Ne5 24. Bxe5 Qxe5 25. bxc5 bxc5 26. Nc4 Qb8 27.
b6 Re6 28. Rxa5 Bxb6 29. Nxb6+ Rxb6 30. Raxc5+ Kd8 31. Bh3 Qe5 32. d4 Qxd4 33.
Rc8+ Ke7 34. Qa3+ Rb4 35. Rxg8 Ne4 36. Rc7+ Kf6 37. Qf3+ 1-0

[Event "44th Chess Olympiad Women 2022"]
[Site "Chennai"]
[Date "2022.07.30"]
[Round "2.31"]
[White "Caballero Quijano, Mitzy Mishell"]
[Black "Caku, Kler"]
[Result "1-0"]
[WhiteElo "2035"]
[BlackElo "1626"]
[Annotator "NA"]
[PlyCount "87"]
[EventDate "2022.07.29"]
[EventType "team-tourn"]
[EventCountry "IND"]
[SourceTitle "playchess.com"]
[Source "ChessBase"]
[SourceQuality "1"]
[WhiteTeam "Peru"]
[BlackTeam "Albania"]
[WhiteTeamCountry "PER"]
[BlackTeamCountry "ALB"]

1. d4 d5 2. Nf3 Nf6 3. c4 e6 4. Qc2 Be7 5. g3 dxc4 6. Qxc4 Nbd7 7. Bg2 O-O 8.
O-O c5 9. Rd1 a6 10. Qc2 cxd4 11. Nxd4 Bc5 12. Nc3 Qe7 13. Nb3 Ba7 14. h3 Rb8
15. Bf4 e5 16. Bg5 h6 17. Nd5 Qe6 18. Be3 Bxe3 19. Nxe3 Nb6 20. Qc7 Nbd7 21.
Rac1 Qb6 22. Qc2 Rd8 23. a4 Nf8 24. a5 Rxd1+ 25. Rxd1 Qa7 26. Nc4 Be6 27. Nxe5
Rc8 28. Qd3 Qb8 29. f4 b6 30. Nc6 Qb7 31. Nbd4 bxa5 32. Qa3 Kh8 33. Ne7 Qc7 34.
Nxc8 Qxc8 35. Nc6 N8d7 36. Qxa5 Qb7 37. b4 Bb3 38. Rc1 Be6 39. e3 Qa8 40. f5
Bb3 41. Rc3 Bd1 42. Qa1 Be2 43. Nd4 Qe8 44. Nxe2 1-0

[Event "44th Chess Olympiad Women 2022"]
[Site "Chennai"]
[Date "2022.07.30"]
[Round "2.31"]
[White "Shuqja, Klean"]
[Black "Chumpitaz, Ann"]
[Result "0-1"]
[WhiteElo "1883"]
[BlackElo "2278"]
[Annotator "RC"]
[PlyCount "78"]
[EventDate "2022.07.29"]
[EventType "team-tourn"]
[EventCountry "IND"]
[SourceTitle "playchess.com"]
[Source "ChessBase"]
[SourceQuality "1"]
[WhiteTeam "Albania"]
[BlackTeam "Peru"]
[WhiteTeamCountry "ALB"]
[BlackTeamCountry "PER"]

1. e4 c5 2. Nf3 e6 3. b3 a6 4. Bb2 Nc6 5. Be2 d5 6. exd5 exd5 7. d4 Nf6 8. O-O
Be7 9. c4 O-O 10. Na3 cxd4 11. Nxd4 Nxd4 12. Qxd4 Qa5 13. Nc2 dxc4 14. Bxc4 Bf5
15. Ne3 Rfd8 16. Qe5 Qxe5 17. Bxe5 Be4 18. a4 Bc6 19. Nf5 Bc5 20. Bxf6 gxf6 21.
Rac1 Bf8 22. Rfe1 Re8 23. Rxe8 Rxe8 24. h3 Bd7 25. Ng3 Rc8 26. Rd1 Bxa4 27.
Bxf7+ Kxf7 28. bxa4 b5 29. axb5 axb5 30. Rd7+ Ke6 31. Rb7 b4 32. Ne2 Rd8 33. g4
Kd5 34. Nf4+ Kc4 35. Ne6 Rd1+ 36. Kg2 Bd6 37. Nc7 b3 38. Nb5 Bb4 39. Rc7+ Kxb5
0-1

[Event "44th Chess Olympiad Women 2022"]
[Site "Chennai"]
[Date "2022.07.30"]
[Round "2.31"]
[White "Omeri, Eklea"]
[Black "Bravo Mallco, Kate Azumi"]
[Result "0-1"]
[WhiteElo "1718"]
[BlackElo "1958"]
[Annotator "NA"]
[PlyCount "78"]
[EventDate "2022.07.29"]
[EventType "team-tourn"]
[EventCountry "IND"]
[SourceTitle "playchess.com"]
[Source "ChessBase"]
[SourceQuality "1"]
[WhiteTeam "Albania"]
[BlackTeam "Peru"]
[WhiteTeamCountry "ALB"]
[BlackTeamCountry "PER"]

1. d4 d5 2. c4 c6 3. Nc3 dxc4 4. a4 e5 5. d5 Nf6 6. Bg5 cxd5 7. Bxf6 Qxf6 8.
Nxd5 Qc6 9. e4 Be6 10. Rc1 Bxd5 11. Qxd5 Bb4+ 12. Ke2 Qxd5 13. exd5 Na6 14.
Rxc4 Kd7 15. g3 Kd6 16. b3 Rhc8 17. Ke3 f5 18. Nf3 Bc5+ 19. Ke2 e4 20. Ng5 Kxd5
21. Bg2 Bd4 22. Rhc1 Rxc4 23. bxc4+ Ke5 24. Rb1 b6 25. f3 h6 26. Nh3 Rc8 27.
fxe4 fxe4 28. Rb5+ Rc5 29. Nf4 Bg1 30. Bf1 Nc7 31. Rxc5+ Bxc5 32. Kd2 Bg1 33.
h3 Bf2 34. Ne2 Ne6 35. Bg2 Bd4 36. Bh1 g5 37. Bg2 Nc5 38. g4 Nxa4 39. Ng3 Nc5
0-1

[Event "44th Chess Olympiad Women 2022"]
[Site "Chennai"]
[Date "2022.07.30"]
[Round "2.32"]
[White "Aulia, Medina Warda"]
[Black "Manova, Ivana"]
[Result "1-0"]
[WhiteElo "2374"]
[BlackElo "1849"]
[Annotator "RC"]
[PlyCount "115"]
[EventDate "2022.07.29"]
[EventType "team-tourn"]
[EventCountry "IND"]
[SourceTitle "playchess.com"]
[Source "ChessBase"]
[SourceQuality "1"]
[WhiteTeam "Indonesia"]
[BlackTeam "Macedonia"]
[WhiteTeamCountry "INA"]
[BlackTeamCountry "MKD"]

1. e4 e5 2. Nf3 Nc6 3. Bb5 a6 4. Ba4 Nf6 5. d3 b5 6. Bb3 Bc5 7. c3 d6 8. Bg5
Be6 9. Nbd2 h6 10. Bh4 g5 11. Bg3 g4 12. Nh4 Qd7 13. a4 Rb8 14. axb5 axb5 15.
O-O Rg8 16. Bxe6 fxe6 17. Nb3 Bb6 18. Re1 Nh5 19. d4 Rg5 20. Kh1 Kf7 21. Qd3
Kg8 22. dxe5 Nxg3+ 23. Qxg3 Nxe5 24. Nd4 Rf8 25. Rf1 Nc4 26. Qd3 Nxb2 27. Qe2
Nc4 28. f4 gxf3 29. Rxf3 Bxd4 30. Rxf8+ Kxf8 31. cxd4 Kg7 32. Rf1 Qe7 33. g3
Kh7 34. Qd3 Kg8 35. Rf2 Rg7 36. e5 Qg5 37. Qf3 d5 38. Qd1 Ne3 39. Qd3 Nc4 40.
Qf1 Qg4 41. Rf8+ Kh7 42. Rf4 Qh5 43. Qb1+ Kg8 44. Qxb5 Qd1+ 45. Kg2 Ne3+ 46.
Kh3 Qh5 47. Qc6 Re7 48. Qa8+ Re8 49. Qa4 Nf5 50. Qd7 Re7 51. Qd8+ Kf7 52. Rg4
Ng7 53. Rxg7+ Kxg7 54. Qxe7+ Kh8 55. Qd8+ Kg7 56. Qxc7+ Kh8 57. Qc8+ Kg7 58.
Qxe6 1-0

[Event "44th Chess Olympiad Women 2022"]
[Site "Chennai"]
[Date "2022.07.30"]
[Round "2.32"]
[White "Citra, Dewi Ardhiani Anasta"]
[Black "Zhezhovska, Monika"]
[Result "1-0"]
[WhiteElo "2257"]
[BlackElo "1588"]
[Annotator "RC"]
[PlyCount "61"]
[EventDate "2022.07.29"]
[EventType "team-tourn"]
[EventCountry "IND"]
[SourceTitle "playchess.com"]
[Source "ChessBase"]
[SourceQuality "1"]
[WhiteTeam "Indonesia"]
[BlackTeam "Macedonia"]
[WhiteTeamCountry "INA"]
[BlackTeamCountry "MKD"]

1. d4 d5 2. Bf4 Nf6 3. e3 e6 4. Nd2 c5 5. Ngf3 Nc6 6. c3 Bd6 7. Bg3 O-O 8. Bd3
b6 9. e4 dxe4 10. Nxe4 Be7 11. Nxf6+ Bxf6 12. Be4 Bb7 13. dxc5 bxc5 14. Qc2 h6
15. Nd2 Qe7 16. O-O Rfd8 17. Nc4 Rd7 18. Rfe1 Nd8 19. Rad1 Bxe4 20. Qxe4 Nb7
21. Rxd7 Qxd7 22. Na5 Nxa5 23. Qxa8+ Kh7 24. Qe4+ g6 25. h4 Nc6 26. h5 Ne7 27.
Be5 Bg5 28. Qf3 Nf5 29. Rd1 Qe7 30. Qc6 gxh5 31. Qc8 1-0

[Event "44th Chess Olympiad Women 2022"]
[Site "Chennai"]
[Date "2022.07.30"]
[Round "2.32"]
[White "Stojkovska, Monika"]
[Black "Sukandar, Irine Kharisma"]
[Result "0-1"]
[WhiteElo "2091"]
[BlackElo "2373"]
[Annotator "ChessBase"]
[PlyCount "64"]
[EventDate "2022.07.29"]
[EventType "team-tourn"]
[EventCountry "IND"]
[SourceTitle "playchess.com"]
[Source "ChessBase"]
[SourceQuality "1"]
[WhiteTeam "Macedonia"]
[BlackTeam "Indonesia"]
[WhiteTeamCountry "MKD"]
[BlackTeamCountry "INA"]

1. e4 e5 2. Nc3 Nf6 3. f4 d5 4. fxe5 Nxe4 5. Qf3 Nc6 6. Bb5 Nxc3 7. dxc3 a6 8.
Bxc6+ bxc6 9. Ne2 Qh4+ 10. g3 Qg4 11. Rf1 Qxf3 12. Rxf3 Bg4 13. Rf4 h5 14. Be3
g6 15. Ra4 Bg7 16. Bf4 O-O 17. Nd4 Rfe8 18. Kf1 c5 19. Nb3 c4 20. Nc5 Bf8 21.
Ra5 g5 22. Bxg5 Rxe5 23. Bf4 Re2 24. Nd7 Bg7 25. Rxd5 Rxc2 26. Ne5 Bh3+ 27. Kg1
Rg2+ 28. Kh1 Rxb2 29. Rc5 Rab8 30. Rg1 R8b5 31. Rxb5 axb5 32. Rc1 Re2 0-1

[Event "44th Chess Olympiad Women 2022"]
[Site "Chennai"]
[Date "2022.07.30"]
[Round "2.33"]
[White "Rodriguez Rueda, Paula Andrea"]
[Black "Lampard, Alice"]
[Result "1-0"]
[WhiteElo "2237"]
[BlackElo "1729"]
[Annotator "RC"]
[PlyCount "93"]
[EventDate "2022.07.29"]
[EventType "team-tourn"]
[EventCountry "IND"]
[SourceTitle "playchess.com"]
[Source "ChessBase"]
[SourceQuality "1"]
[WhiteTeam "Colombia"]
[BlackTeam "Scotland"]
[WhiteTeamCountry "COL"]
[BlackTeamCountry "SCO"]

1. d4 Nf6 2. c4 g6 3. Nf3 Bg7 4. g3 d5 5. cxd5 Nxd5 6. Bg2 O-O 7. O-O Nc6 8.
Nc3 Nxc3 9. bxc3 Bd7 10. e4 a6 11. Bg5 Na5 12. Qc1 Re8 13. Rb1 Qc8 14. Re1 Nc4
15. e5 Bc6 16. Nd2 Bxg2 17. Kxg2 Qe6 18. Kg1 b6 19. Nxc4 Qxc4 20. Qa3 f6 21.
Bf4 g5 22. Be3 Rad8 23. Rb4 Qd3 24. e6 Rd6 25. Bc1 a5 26. Rb2 Kh8 27. Qb3 Red8
28. Rd2 Qf5 29. Rde2 Bf8 30. Qc4 Qd5 31. Qxc7 Rc6 32. Qb7 Rxc3 33. Qxb6 Rc4 34.
Bd2 Qxd4 35. Qxd4 Rdxd4 36. Bxa5 Bg7 37. Rb2 Rc8 38. Rb7 Bf8 39. Bb4 Re8 40. a4
Rdd8 41. Rc1 Ra8 42. a5 Ra6 43. Rb6 Ra7 44. Rd1 Rc8 45. Rd7 Rcc7 46. Rb8 Kg7
47. Rdd8 1-0

[Event "44th Chess Olympiad Women 2022"]
[Site "Chennai"]
[Date "2022.07.30"]
[Round "2.33"]
[White "Castrillon Gomez, Melissa"]
[Black "Cooke, Suzie G."]
[Result "1-0"]
[WhiteElo "2230"]
[BlackElo "1936"]
[Annotator "ChessBase"]
[PlyCount "63"]
[EventDate "2022.07.29"]
[EventType "team-tourn"]
[EventCountry "IND"]
[SourceTitle "playchess.com"]
[Source "ChessBase"]
[SourceQuality "1"]
[WhiteTeam "Colombia"]
[BlackTeam "Scotland"]
[WhiteTeamCountry "COL"]
[BlackTeamCountry "SCO"]

1. d4 d5 2. c4 e6 3. Nf3 c5 4. cxd5 exd5 5. g3 Nc6 6. Bg2 Nf6 7. O-O Be7 8. Be3
c4 9. b3 cxb3 10. Qxb3 Na5 11. Qd3 Nc4 12. Bf4 O-O 13. Nc3 g6 14. Ne5 Bf5 15.
Qd1 Rc8 16. Qb3 Na5 17. Qb2 a6 18. Rac1 b5 19. Bh6 Re8 20. Nxd5 Nxd5 21. e4 f6
22. exf5 Rxc1 23. Qxc1 fxe5 24. dxe5 Nb4 25. f6 Bxf6 26. exf6 Qxf6 27. a3 Nbc6
28. Bd5+ Kh8 29. Bg5 Qd6 30. Qc5 Qe5 31. f4 Qf5 32. Qc3+ 1-0

[Event "44th Chess Olympiad Women 2022"]
[Site "Chennai"]
[Date "2022.07.30"]
[Round "2.33"]
[White "Roy, Ali"]
[Black "Argote Heredia, Valentina"]
[Result "0-1"]
[WhiteElo "1893"]
[BlackElo "2205"]
[Annotator "RC"]
[PlyCount "94"]
[EventDate "2022.07.29"]
[EventType "team-tourn"]
[EventCountry "IND"]
[SourceTitle "playchess.com"]
[Source "ChessBase"]
[SourceQuality "1"]
[WhiteTeam "Scotland"]
[BlackTeam "Colombia"]
[WhiteTeamCountry "SCO"]
[BlackTeamCountry "COL"]

1. Nf3 d5 2. g3 g6 3. Bg2 Bg7 4. O-O e5 5. d3 Ne7 6. Nbd2 O-O 7. e4 Nbc6 8. Re1
d4 9. h4 Bg4 10. Nf1 h6 11. N1h2 Be6 12. Bd2 Qd7 13. Qe2 Rae8 14. c3 f5 15.
cxd4 fxe4 16. dxe4 exd4 17. Bf4 Nc8 18. Qd2 Kh7 19. Bf1 Nd6 20. e5 Nc4 21. Qc2
b5 22. h5 Bf5 23. hxg6+ Kh8 24. Bd3 Nb4 25. Bxf5 Rxf5 26. e6 Qd5 27. Qe4 d3 28.
g4 Qxe4 29. Rxe4 Rd5 30. Nd2 Nc2 31. Rb1 Nd4 32. Nxc4 bxc4 33. Bxc7 Rxe6 34.
Rxe6 Nxe6 35. Bg3 d2 36. Rd1 Bxb2 37. Nf3 Ng5 38. Nxd2 Rxd2 39. Rxd2 Nf3+ 40.
Kf1 Nxd2+ 41. Ke2 Ne4 42. Bf4 Kg7 43. Be3 a5 44. f4 Kxg6 45. f5+ Kg7 46. Kd1
Be5 47. Kc2 a4 0-1

[Event "44th Chess Olympiad Women 2022"]
[Site "Chennai"]
[Date "2022.07.30"]
[Round "2.33"]
[White "Hughes, Rhian"]
[Black "Pachon, Adriana"]
[Result "0-1"]
[WhiteElo "1843"]
[BlackElo "2007"]
[Annotator "NA"]
[PlyCount "84"]
[EventDate "2022.07.29"]
[EventType "team-tourn"]
[EventCountry "IND"]
[SourceTitle "playchess.com"]
[Source "ChessBase"]
[SourceQuality "1"]
[WhiteTeam "Scotland"]
[BlackTeam "Colombia"]
[WhiteTeamCountry "SCO"]
[BlackTeamCountry "COL"]

1. c4 b6 2. Nc3 Bb7 3. e4 e6 4. g3 f5 5. Bg2 Nf6 6. f3 fxe4 7. Nxe4 Nxe4 8.
fxe4 Qf6 9. Qf3 Nc6 10. Qxf6 gxf6 11. Ne2 Ne5 12. O-O Nxc4 13. d3 Ne5 14. d4
Nc6 15. d5 Bc5+ 16. Kh1 Nd4 17. Nc3 Ke7 18. e5 Ba6 19. Rxf6 Rag8 20. Ne4 Nc2
21. Nxc5 bxc5 22. Rb1 Bd3 23. dxe6 Nd4 24. Ra1 Nxe6 25. Be3 Rf8 26. Rd1 c4 27.
Rxf8 Rxf8 28. Bxa7 c6 29. Be3 Rf5 30. Bd2 Rxe5 31. Bc3 Rf5 32. Re1 Rf2 33. Bb4+
Kf7 34. Bc3 d5 35. Bh3 Ng5 36. Bd4 Nxh3 37. Bxf2 Be4+ 38. Rxe4 Nxf2+ 39. Kg2
Nxe4 40. a4 Ke6 41. Kf3 Nd2+ 42. Ke2 Nb3 0-1

[Event "44th Chess Olympiad Women 2022"]
[Site "Chennai"]
[Date "2022.07.30"]
[Round "2.34"]
[White "Agrest, Inna"]
[Black "Grishina, Alexandra"]
[Result "1-0"]
[WhiteElo "2217"]
[BlackElo "2012"]
[Annotator "RC"]
[PlyCount "101"]
[EventDate "2022.07.29"]
[EventType "team-tourn"]
[EventCountry "IND"]
[SourceTitle "playchess.com"]
[Source "ChessBase"]
[SourceQuality "1"]
[WhiteTeam "Sweden"]
[BlackTeam "Lebanon"]
[WhiteTeamCountry "SWE"]
[BlackTeamCountry "LBN"]

1. e4 c6 2. d4 d5 3. f3 dxe4 4. fxe4 e5 5. Nf3 Be6 6. c3 Nd7 7. Bd3 Bd6 8. O-O
Ngf6 9. h3 h6 10. Be3 O-O 11. Nbd2 Bc7 12. Bc2 b5 13. Qe1 Re8 14. Qf2 Nh5 15.
Rad1 Qe7 16. dxe5 Nxe5 17. Bc5 Nxf3+ 18. Nxf3 Bg3 19. Bxe7 Bxf2+ 20. Rxf2 Rxe7
21. Nd4 Bd7 22. Nb3 Nf6 23. Nc5 Be8 24. Rfd2 g6 25. a4 Re5 26. b4 a5 27. Rd8
Ra7 28. axb5 cxb5 29. Nd3 Rxe4 30. bxa5 Re2 31. Nb4 Rxa5 32. Bd3 Rb2 33. Rf1
Kg7 34. Rxf6 Kxf6 35. Rxe8 Ra1+ 36. Kh2 Rd1 37. Bxb5 h5 38. h4 Rbb1 39. Bc6
Rbc1 40. Bf3 Rh1+ 41. Kg3 Kg7 42. Rc8 f5 43. Rc7+ Kf6 44. Nd5+ Ke5 45. Re7+ Kd6
46. Rg7 Ke5 47. Rxg6 Rcf1 48. Nf4 Rxf3+ 49. gxf3 Rg1+ 50. Ng2 f4+ 51. Kf2 1-0

[Event "44th Chess Olympiad Women 2022"]
[Site "Chennai"]
[Date "2022.07.30"]
[Round "2.34"]
[White "Johansson, Viktoria"]
[Black "Darweeche, Roaa"]
[Result "1-0"]
[WhiteElo "2041"]
[BlackElo "1548"]
[Annotator "NA RC"]
[PlyCount "83"]
[EventDate "2022.07.29"]
[EventType "team-tourn"]
[EventCountry "IND"]
[SourceTitle "playchess.com"]
[Source "ChessBase"]
[SourceQuality "1"]
[WhiteTeam "Sweden"]
[BlackTeam "Lebanon"]
[WhiteTeamCountry "SWE"]
[BlackTeamCountry "LBN"]

1. d4 Nf6 2. c4 c5 3. d5 e5 4. Nc3 d6 5. g3 Nbd7 6. Bg2 Be7 7. Nf3 Nf8 8. O-O
Ng6 9. Qc2 O-O 10. a3 b6 11. b4 h6 12. bxc5 bxc5 13. Rb1 Nh7 14. e4 Ng5 15.
Nxg5 Bxg5 16. f4 exf4 17. gxf4 Be7 18. Ne2 Bd7 19. Ng3 Re8 20. Kh1 Nh4 21. Bb2
Bf6 22. Nh5 Bxb2 23. Qxb2 f6 24. Qf2 f5 25. Qg3 Qe7 26. e5 Nxg2 27. Nf6+ Kh8
28. Nxe8 Rxe8 29. Kxg2 Ba4 30. Rf2 Kh7 31. Rfb2 dxe5 32. fxe5 Qxe5 33. Qxe5
Rxe5 34. Kf2 f4 35. Rb7 Bc2 36. Rg1 Bg6 37. d6 Re6 38. Rd1 f3 39. Re7 Rf6 40.
d7 a5 41. d8=Q a4 42. Rdd7 1-0

[Event "44th Chess Olympiad Women 2022"]
[Site "Chennai"]
[Date "2022.07.30"]
[Round "2.34"]
[White "Bedrosian, Danielle"]
[Black "Cramling Bellon, Anna"]
[Result "0-1"]
[WhiteElo "1662"]
[BlackElo "2065"]
[Annotator "NA RC"]
[PlyCount "48"]
[EventDate "2022.07.29"]
[EventType "team-tourn"]
[EventCountry "IND"]
[SourceTitle "playchess.com"]
[Source "ChessBase"]
[SourceQuality "1"]
[WhiteTeam "Lebanon"]
[BlackTeam "Sweden"]
[WhiteTeamCountry "LBN"]
[BlackTeamCountry "SWE"]

1. b3 d5 2. Bb2 Nf6 3. g3 c5 4. Bg2 Nc6 5. d3 e5 6. e3 Be7 7. Nd2 Be6 8. Ne2 d4
9. e4 Qd7 10. h3 O-O-O 11. f4 exf4 12. Nxf4 Qc7 13. Nf3 h6 14. Qd2 c4 15. bxc4
Bb4 16. c3 dxc3 17. Bxc3 Nxe4 18. dxe4 Rxd2 19. Bxd2 Bxd2+ 20. Nxd2 g5 21. Nh5
Qa5 22. Nf6 Qc3 23. Rd1 Qxg3+ 24. Kf1 Qf4+ 0-1

[Event "44th Chess Olympiad Women 2022"]
[Site "Chennai"]
[Date "2022.07.30"]
[Round "2.35"]
[White "Ryjanova, Julia"]
[Black "Zhang, Jasmine Haomo"]
[Result "1-0"]
[WhiteElo "2284"]
[BlackElo "1972"]
[Annotator "RC"]
[PlyCount "121"]
[EventDate "2022.07.29"]
[EventType "team-tourn"]
[EventCountry "IND"]
[SourceTitle "playchess.com"]
[Source "ChessBase"]
[SourceQuality "1"]
[WhiteTeam "Australia"]
[BlackTeam "New Zealand"]
[WhiteTeamCountry "AUS"]
[BlackTeamCountry "NZL"]

1. d4 d5 2. c4 e6 3. Nc3 Be7 4. Nf3 Nf6 5. e3 O-O 6. Bd3 Nbd7 7. O-O dxc4 8.
Bxc4 c5 9. Qe2 a6 10. a4 b6 11. Rd1 Qc7 12. e4 cxd4 13. Nxd4 Ne5 14. Ba2 Nc6
15. Nxc6 Qxc6 16. Bg5 Bb7 17. Rac1 Qe8 18. Bf4 Nd7 19. Bd6 Nc5 20. b3 Rd8 21.
Bxe7 Qxe7 22. b4 Nd7 23. Rb1 Rc8 24. Rdc1 Rc7 25. Qe3 Rfc8 26. f3 g6 27. h3 Qf6
28. Ne2 Rxc1+ 29. Rxc1 Qb2 30. Rxc8+ Bxc8 31. Qc3 Qxc3 32. Nxc3 Ne5 33. Bb1 Kf8
34. Kf2 Ke7 35. f4 Nc6 36. b5 axb5 37. axb5 Nb4 38. Ke3 f5 39. Kd4 fxe4 40.
Bxe4 Kd6 41. g4 Bd7 42. Kc4 Nd5 43. Bxd5 exd5+ 44. Kd4 h6 45. Nxd5 Bxb5 46.
Nxb6 Bf1 47. h4 Bh3 48. Nc4+ Ke6 49. Ne3 Bxg4 50. Nxg4 Kf5 51. Ne5 Kxf4 52.
Nxg6+ Kf5 53. Ne5 Kf4 54. Kd5 Kf5 55. Kd6 Kf6 56. Nd3 Kf5 57. Ne1 Kg4 58. Ng2
Kg3 59. Ke5 Kxg2 60. Kf5 Kf3 61. h5 1-0